000 00967nam0a22003011 4500
001 v19\rc\1685408
005 20061002151517.1
035 _a(NLR Aleph) 004790381
090 _a4722834
_c4722834
100 _a20061002d1896 |||y0rusy50 ca
101 0 _arus
102 _aRU
105 _ab z |||||
200 1 _aЗаметки о курдах
_fГен. штаба полк. Карцов
210 _aТифлис
_cтип. канц. Главнонач. гр. ч. на Кавказе
_d1896
215 _a[1], 48 с., 1 л. карт.
_d23
320 _aБиблиогр.: с. 1-3
700 1 _aКарцов
_bВ. А.
_f1860-
_gВладимир Александрович
801 0 _aRU
_bNLR
_gpsbo
801 0 _aRU
_bRuMoRGB
_2psbo
801 1 _aRU
_bProSoft-M
_2rusmarc
852 _aNLR
_j68-6/6129
899 _aRuMoRGB
_jC 48/360
899 _aRuMoRGB
_jC 48/361
899 _aRuMoRGB
_jU 307/268
899 _aRuMoRGB
_jЪ 116/319
942 _cBOOK
980 _aNB